Применение эволюционных методов глобальной оптимизации в задачах оптимального управления детерминированными системами

Bibliografiske detaljer
Hovedforfatter: Пантелеев А. В. Андрей Владимирович
Institution som forfatter: Московский авиационный институт (МАИ) Научная библиотека
Summary:В книге описаны современные методы поиска глобального экстремума: генетические алгоритмы с бинарным и вещественным кодированием; методы искусственных иммунных систем, рассеивания, динамических сеток; эволюционная стратегия преобразования ковариационной матрицы. Изложено их применение к решению задач нахождения оптимального программного управления нелинейными дискретными и непрерывными детерминированными динамическими системами. В книге приведены постановки задач, стратегия поиска и детальный алгоритм решения для каждого метода, описание программного обеспечения, результаты решения типовых примеров и прикладных задач. Для студентов и аспирантов технических вузов и университетов, а также инженеров, интересующихся современными проблемами оптимизации и теории управления.
Sprog:russisk
Udgivet: Москва, Изд-во МАИ, 2013
Fag:
Format: MixedMaterials Bog
KOHA link:https://koha.lib.tpu.ru/cgi-bin/koha/opac-detail.pl?biblionumber=327292

MARC

LEADER 00000nam0a2200000 4500
001 327292
005 20231102003939.0
010 |a 9785431601385 
035 |a (RuTPU)RU\TPU\book\352952 
090 |a 327292 
100 |a 20170127d2013 k y0rusy50 ca 
101 0 |a rus 
102 |a RU 
105 |a a z 001zy 
200 1 |a Применение эволюционных методов глобальной оптимизации в задачах оптимального управления детерминированными системами  |f А. В. Пантелеев  |g Московский авиационный институт (МАИ), Научная библиотека 
210 |a Москва  |c Изд-во МАИ  |d 2013 
215 |a 159 с.  |c ил. 
320 |a Библиогр.: с. 153-159 
330 |a В книге описаны современные методы поиска глобального экстремума: генетические алгоритмы с бинарным и вещественным кодированием; методы искусственных иммунных систем, рассеивания, динамических сеток; эволюционная стратегия преобразования ковариационной матрицы. Изложено их применение к решению задач нахождения оптимального программного управления нелинейными дискретными и непрерывными детерминированными динамическими системами. В книге приведены постановки задач, стратегия поиска и детальный алгоритм решения для каждого метода, описание программного обеспечения, результаты решения типовых примеров и прикладных задач. Для студентов и аспирантов технических вузов и университетов, а также инженеров, интересующихся современными проблемами оптимизации и теории управления. 
606 1 |a Оптимальное управление  |x (математика)  |2 stltpush  |3 (RuTPU)RU\TPU\subj\47188  |9 66248 
610 1 |a детерминированные системы 
610 1 |a глобальная оптимизация 
610 1 |a оптимальное программное управление 
610 1 |a генетические алгоритмы 
610 1 |a имунные системы 
610 1 |a метод рассеяния 
610 1 |a ковариационные матрицы 
610 1 |a метод динамических сеток 
675 |a 517.977  |v 4 
700 1 |a Пантелеев  |b А. В.  |g Андрей Владимирович 
712 0 2 |a Московский авиационный институт (МАИ)  |b Научная библиотека  |c (1930- )  |2 stltpush  |3 (RuTPU)RU\TPU\col\3642 
801 1 |a RU  |b 63413507  |c 20170127 
801 2 |a RU  |b 63413507  |c 20170207  |g RCR 
942 |c BK